| 000 | 00871cai a2200277 i 4500 | ||
|---|---|---|---|
| 001 | 178 | ||
| 003 | CO-MdFUSB | ||
| 005 | 20220806093653.0 | ||
| 008 | 160601t2001 sp f |||| 00| 0 Spa d | ||
| 020 | _a84-7914-124-7 | ||
| 040 |
_aCO-MdFUSB _bEspañol _cCO-MdFUSB _dCO-MdFUSB _erda |
||
| 041 | 0 |
_aspa _agrc _alat |
|
| 082 | 0 | 4 |
_aR 225.546 _bB783n |
| 245 | 0 | 0 |
_aNuevo Testamento Trilingüe _c / José Maria Bover, José O´callaghan, Editores |
| 250 | _a5 | ||
| 264 | 1 |
_aMadrid, España _b : Biblioteca de Autores Cristianos, _c[2001] |
|
| 264 | 4 | _c© 2001 | |
| 300 |
_a1380 Pag. _c; |
||
| 336 |
_2rdacontent _atexto _btxt |
||
| 337 |
_2rdamedia _asin mediación _bn |
||
| 338 |
_2rdacarrier _avolumen _bnc |
||
| 505 | _aNuevo Testamento | ||
| 653 |
_aBiblia N-T. _a - Textos originales _a - Griego _a - Latin _a - Español |
||
| 942 | _cBK | ||
| 945 | _aEstudiante | ||
| 999 |
_c31715 _d31715 |
||